Compliance with building regulations in England and Wales (Record no. 77794)
[ view plain ]
| 000 -LEADER | |
|---|---|
| fixed length control field | 01035cab a2200229 4500 |
| 001 - CONTROL NUMBER | |
| control field | ##L135129 |
| 008 - FIXED-LENGTH DATA ELEMENTS--GENERAL INFORMATION | |
| fixed length control field | 060926n2006 000 0 eng u |
| 035 ## - SYSTEM CONTROL NUMBER | |
| System control number | (Sirsi) u135129 |
| 041 0# - LANGUAGE CODE | |
| Language code of text/sound track or separate title | eng |
| 100 1# - MAIN ENTRY--PERSONAL NAME | |
| Personal name | Baiche, Bousmaha |
| 245 00 - TITLE STATEMENT | |
| Title | Compliance with building regulations in England and Wales |
| 260 ## - PUBLICATION, DISTRIBUTION, ETC. | |
| Date of publication, distribution, etc. | 2006 |
| 490 #0 - SERIES STATEMENT | |
| Series statement | Structural Survey |
| Volume/sequential designation | 24(4) 2006, 279-299(21) |
| 520 ## - SUMMARY, ETC. | |
| Summary, etc. | Aims to generate data (based on a sample of new-build housing schemes) about the levels of compliance with Building Regulations and standards typically achieved in England and Wales. Concludes that the levels of compliance were not always sufficient, though faults were largely due to lack of skills and knowledge of the required standards rather than purposeful non-compliance. [Taken from journal abstract]. |
| 590 ## - LOCAL NOTE (RLIN) | |
| Local note | IKA031006 NTK |
| 650 24 - SUBJECT ADDED ENTRY--TOPICAL TERM | |
| Topical term or geographic name entry element | BUILDING REGULATIONS 2000 |
| 651 #4 - SUBJECT ADDED ENTRY--GEOGRAPHIC NAME | |
| Geographic name | England and Wales |
| Chronological subdivision | 1543- |
| 690 ## - LOCAL SUBJECT ADDED ENTRY--TOPICAL TERM (OCLC, RLIN) | |
| Topical term or geographic name as entry element | Building regulations |
| 9 (RLIN) | 6224 |
| 700 1# - ADDED ENTRY--PERSONAL NAME | |
| Personal name | Walliman, Nicholas |
| 700 1# - ADDED ENTRY--PERSONAL NAME | |
| Personal name | Ogden, Raymond |
| 942 ## - ADDED ENTRY ELEMENTS (KOHA) | |
| Suppress in OPAC | 0 |
| Withdrawn status | Lost status | Source of classification or shelving scheme | Damaged status | Not for loan | Home library | Current library | Shelving location | Date acquired | Total Checkouts | Full call number | Barcode | Date last seen | Copy number | Price effective from | Koha item type |
|---|---|---|---|---|---|---|---|---|---|---|---|---|---|---|---|
| Dewey Decimal Classification | London | London | Journal article | 26/09/2006 | L135129 | 135129-1001 | 06/08/2019 | 1 | 06/08/2019 | Journal article |